[Event "World Rapid 2019"]
[Site "Moscow RUS"]
[Date "2019.12.27"]
[Round "10.28"]
[White "Tregubov, Pavel V."]
[Black "Laznicka, Viktor"]
[Result "1-0"]
[WhiteTitle "GM"]
[BlackTitle "GM"]
[WhiteElo "2588"]
[BlackElo "2648"]
[WhiteFideId "4115341"]
[BlackFideId "316385"]
[EventDate "2019.12.26"]

1. e4 d5 2. exd5 Qxd5 3. Nc3 Qa5 4. d4 Nf6 5. Nf3 Bf5 6. Bc4 e6 7. Bd2 Bb4 8. a3
Bxc3 9. Bxc3 Qb6 10. b3 Nc6 11. h3 O-O-O 12. a4 a5 13. O-O Be4 14. Re1 Bxf3 15.
Qxf3 Nxd4 16. Bxd4 Rxd4 17. c3 Rd2 18. Re5 Rhd8 19. Rb5 Qa7 20. b4 axb4 21. Rxb4
c6 22. a5 R8d7 23. a6 b5 24. Bf1 Nd5 25. Rh4 Rc2 26. Rxh7 Rxc3 27. Qe4 b4 28.
Rxg7 b3 29. Rb1 Qb6 30. Rg8+ Rd8 31. Rxd8+ Kxd8 32. Qa4 Nc7 33. a7 Na8 34. Qh4+
Kc7 35. Qe7+ Kc8 36. Rd1 1-0

[Event "World Rapid 2019"]
[Site "Moscow RUS"]
[Date "2019.12.27"]
[Round "10.29"]
[White "Ismagambetov, Anuar"]
[Black "Shirov, Alexei"]
[Result "1-0"]
[WhiteTitle "GM"]
[BlackTitle "GM"]
[WhiteElo "2528"]
[BlackElo "2684"]
[WhiteFideId "13701525"]
[BlackFideId "2209390"]
[EventDate "2019.12.26"]

1. e4 e5 2. Nf3 Nc6 3. Bb5 a6 4. Ba4 Nf6 5. O-O b5 6. Bb3 Bc5 7. a4 Rb8 8. c3 d6
9. d4 Bb6 10. a5 Ba7 11. h3 O-O 12. Be3 Nxe4 13. Bd5 exd4 14. Bxc6 dxe3 15. Bxe4
d5 16. Qxd5 exf2+ 17. Rxf2 Qxd5 18. Bxd5 Rd8 19. Bb3 Be6 20. Nbd2 Bxf2+ 21. Kxf2
Bxb3 22. Nxb3 Rd5 23. Re1 Kf8 24. Ne5 Rbd8 25. Nc6 R8d6 26. Nb4 Rf5+ 27. Kg1 c5
28. Nc2 Rfd5 29. Re2 h5 30. Ne1 c4 31. Na1 Rd2 32. Kf2 Rf6+ 33. Nf3 Rxe2+ 34.
Kxe2 Ke7 35. Nc2 Kd6 36. Nd2 Re6+ 37. Kf3 Rf6+ 38. Ke3 Rg6 39. Ne4+ Ke5 40. Kf3
f5 41. Nc5 Rd6 42. Nb4 Rd2 43. Ncxa6 Kd6 44. Nb8 Rxb2 45. a6 Kc7 46. N8c6 g5 47.
Nd4 g4+ 48. Kg3 Kb6 49. Nxf5 gxh3 50. gxh3 Rb1 51. Ne3 Kc5 52. Ned5 Ra1 53. Kh4
Kd6 54. Kxh5 Ke5 55. h4 Kd6 56. Kg5 Rg1+ 57. Kh6 1-0

[Event "World Rapid 2019"]
[Site "Moscow RUS"]
[Date "2019.12.27"]
[Round "10.31"]
[White "Nihal, Sarin"]
[Black "Bocharov, Dmitry"]
[Result "1/2-1/2"]
[WhiteTitle "GM"]
[BlackTitle "GM"]
[WhiteElo "2612"]
[BlackElo "2524"]
[WhiteFideId "25092340"]
[BlackFideId "4138716"]
[EventDate "2019.12.26"]

1. c4 c5 2. Nf3 Nc6 3. Nc3 e5 4. g3 g6 5. Bg2 Bg7 6. d3 d6 7. O-O Nge7 8. Rb1
O-O 9. a3 a5 10. Bd2 Rb8 11. Ne1 Be6 12. Nc2 d5 13. cxd5 Nxd5 14. Ne3 Nb6 15.
Ne4 Nd7 16. b4 cxb4 17. axb4 axb4 18. Bxb4 Nxb4 19. Rxb4 f5 20. Nc3 e4 21. Ncd5
exd3 22. Qxd3 Ne5 23. Qb1 Nc6 24. Rxb7 Rxb7 25. Qxb7 Nd4 26. Re1 g5 27. Ne7+ Kh8
28. Nc6 Nxc6 29. Qxc6 Bd7 30. Qd6 f4 31. Nd5 Qe8 32. Qe7 Qxe7 33. Nxe7 Bg4 34.
h3 fxg3 35. fxg3 Bc3 36. Rf1 Bd4+ 37. Kh2 Rxf1 38. Bxf1 Be6 39. Bg2 Kg7 40. Bd5
Bc5 1/2-1/2

[Event "World Rapid 2019"]
[Site "Moscow RUS"]
[Date "2019.12.27"]
[Round "10.33"]
[White "Jakovenko, Dmitry"]
[Black "Pashikian, Arman"]
[Result "1/2-1/2"]
[WhiteTitle "GM"]
[BlackTitle "GM"]
[WhiteElo "2698"]
[BlackElo "2605"]
[WhiteFideId "4122356"]
[BlackFideId "13301578"]
[EventDate "2019.12.26"]

1. e4 e5 2. Nf3 Nc6 3. Bc4 Bc5 4. c3 Nf6 5. d3 d6 6. Nbd2 a6 7. Bb3 O-O 8. Nf1
h6 9. Ng3 Be6 10. O-O d5 11. d4 Bd6 12. dxe5 Nxe5 13. Nd4 Nxe4 14. Nxe6 fxe6 15.
Nxe4 dxe4 16. Bxe6+ Kh8 17. Qh5 Qe7 18. Bf5 Nd3 19. Qg6 Bxh2+ 20. Kh1 Rxf5 21.
Qxf5 Rf8 22. Qh3 Bd6 23. Be3 Qe5 24. g3 Rf3 25. Kg2 Bc5 26. Qg4 Bxe3 27. fxe3
Rxe3 28. Rf8+ Kh7 29. Rh1 Ne1+ 30. Kf2 Rf3+ 31. Rxf3 Nxf3 32. Qf4 Qd5 33. g4 Ne5
34. Kg3 Ng6 35. Qf5 Qd6+ 36. Kg2 Qd2+ 37. Kg3 Qe3+ 38. Kg2 Qe2+ 39. Kg3 Qd3+ 40.
Kg2 Qe2+ 41. Kg3 Qxb2 42. Qxe4 Qxc3+ 43. Kg2 Qb2+ 44. Kg3 Qa3+ 45. Qf3 Qd6+ 46.
Kf2 Qd4+ 47. Kg3 Qe5+ 48. Kf2 Qd4+ 49. Kg3 Ne5 50. Qf5+ g6 51. Qf4 Qd3+ 52. Kf2
Qc2+ 53. Kg3 Qd3+ 54. Kf2 Qc2+ 55. Kg3 Qc3+ 56. Kg2 Qc6+ 57. Kg1 Nf3+ 58. Kf2
Ng5 59. Qxg5 Qxh1 60. Qe7+ 1/2-1/2

[Event "World Rapid 2019"]
[Site "Moscow RUS"]
[Date "2019.12.27"]
[Round "10.34"]
[White "Tomashevsky, Evgeny"]
[Black "Kovalev, Vladislav"]
[Result "1-0"]
[WhiteTitle "GM"]
[BlackTitle "GM"]
[WhiteElo "2705"]
[BlackElo "2662"]
[WhiteFideId "4147235"]
[BlackFideId "13504398"]
[EventDate "2019.12.26"]

1. c4 Nf6 2. Nc3 e6 3. Nf3 d5 4. d4 Be7 5. Bf4 O-O 6. e3 b6 7. Be2 c5 8. dxc5
bxc5 9. O-O Bb7 10. Qb3 Qb6 11. Rfd1 Nc6 12. cxd5 Qxb3 13. axb3 exd5 14. Ba6
Bxa6 15. Rxa6 Nb4 16. Ra4 Rfd8 17. Kf1 h6 18. Na2 Nxa2 19. Rxa2 Bf8 20. Ra6 Rd7
21. Bxh6 Rb8 22. Nd2 Rbb7 23. Bg5 Ng4 24. Bf4 d4 25. e4 c4 26. Nxc4 Rxb3 27. f3
Rb4 28. Rc6 Nf6 29. Be5 d3 30. Bc3 Rb3 31. Ne5 Rd8 32. Rxd3 Re8 33. Nd7 Nxd7 34.
Rxd7 Bb4 35. Rb7 a5 36. Ke2 Rd8 37. h4 Rxb2+ 38. Bxb2 Rd2+ 39. Ke3 Rxb2 40. Rc8+
Kh7 41. Rxf7 Rxg2 42. Rf5 Bd2+ 43. Kd3 Bh6 44. Rxa5 Rd2+ 45. Kc3 Rh2 46. Rh5 Kg6
47. Rf5 Rxh4 48. Rc6+ Kh7 49. e5 Rh1 50. Kd4 Rd1+ 51. Ke4 Re1+ 52. Kd5 Rd1+ 53.
Ke6 Kg6 54. Rf8 Rd4 55. Rd6 Ra4 56. Kd5+ Kh7 57. e6 Bg5 58. Rd7 Ra5+ 59. Ke4
Ra4+ 60. Kf5 Ra5+ 61. Kg4 Re5 62. f4 1-0

[Event "World Rapid 2019"]
[Site "Moscow RUS"]
[Date "2019.12.27"]
[Round "10.35"]
[White "Perunovic, Milos"]
[Black "Meier, Georg"]
[Result "1-0"]
[WhiteTitle "GM"]
[BlackTitle "GM"]
[WhiteElo "2589"]
[BlackElo "2626"]
[WhiteFideId "921629"]
[BlackFideId "4675789"]
[EventDate "2019.12.26"]

1. e4 e6 2. d4 d5 3. Nc3 dxe4 4. Nxe4 Nd7 5. Nf3 Ngf6 6. Nxf6+ Nxf6 7. Bg5 h6 8.
Be3 Bd6 9. Bb5+ Bd7 10. Bd3 Rc8 11. Ne5 c5 12. Nxd7 Qxd7 13. Qe2 Qc7 14. dxc5
Bxc5 15. Bd2 O-O 16. Bc3 Qe7 17. O-O Rfd8 18. Rad1 Kf8 19. a3 Qc7 20. Bd2 Rd7
21. Qf3 Bd4 22. Bc1 Rcd8 23. g3 Qc6 24. Qxc6 bxc6 25. Kg2 Bb6 26. Rfe1 Ke7 27.
Be2 a5 28. Rxd7+ Nxd7 29. Bf3 Rc8 30. Bd2 Bd4 31. b3 Bb6 32. Bc3 Nf6 33. a4 Ne8
34. h4 f6 35. h5 Kf7 36. Rd1 Ke7 37. b4 axb4 38. Bxb4+ c5 39. a5 cxb4 40. axb6
Rb8 41. b7 Nc7 42. Rb1 Nd5 43. Bxd5 exd5 44. Rxb4 Kd6 45. Kf3 Kc6 46. Kf4 Rxb7
47. Rxb7 Kxb7 48. Kf5 Kc6 49. Kg6 Kc5 50. Kxg7 Kc4 51. Kxh6 1-0

[Event "World Rapid 2019"]
[Site "Moscow RUS"]
[Date "2019.12.27"]
[Round "10.36"]
[White "Khanin, Semen"]
[Black "Socko, Bartosz"]
[Result "1/2-1/2"]
[WhiteTitle "IM"]
[BlackTitle "GM"]
[WhiteElo "2500"]
[BlackElo "2618"]
[WhiteFideId "4111990"]
[BlackFideId "1107038"]
[EventDate "2019.12.26"]

1. e4 e6 2. d4 d5 3. e5 c5 4. c3 Nc6 5. Nf3 Qb6 6. a3 c4 7. Nbd2 Na5 8. Rb1 Bd7
9. Be2 O-O-O 10. Nf1 f5 11. exf6 gxf6 12. Bf4 Ne7 13. h4 Ng6 14. Bh2 Bd6 15.
Bxd6 Qxd6 16. g3 e5 17. h5 Ne7 18. Ne3 Be6 19. Qc2 Kb8 20. Rd1 Qc7 21. Nh4 Nb3
22. O-O Nc6 23. Nhf5 Rhg8 24. Kh2 Rg5 25. f4 exf4 26. Rxf4 Rdg8 27. Rdf1 a5 28.
Bd1 Ka7 29. Qg2 Nc1 30. Be2 Nxe2 31. Qxe2 Bxf5 32. Nxf5 Rxf5 33. Rxf5 Qxg3+ 34.
Kh1 Rg4 35. R5f2 Rh4+ 36. Rh2 Ne7 37. Qf2 Rxh2+ 38. Qxh2 Qd3 39. Rxf6 Nf5 40.
Qf4 Ng3+ 41. Kg2 Nxh5 42. Qc7 Nxf6 43. Qxa5+ 1/2-1/2

[Event "World Rapid 2019"]
[Site "Moscow RUS"]
[Date "2019.12.27"]
[Round "10.37"]
[White "Mamedov, Rauf"]
[Black "Kobalia, Mikhail"]
[Result "1-0"]
[WhiteTitle "GM"]
[BlackTitle "GM"]
[WhiteElo "2659"]
[BlackElo "2609"]
[WhiteFideId "13401653"]
[BlackFideId "4119150"]
[EventDate "2019.12.26"]

1. e4 c6 2. Nc3 d5 3. Nf3 Bg4 4. h3 Bxf3 5. Qxf3 Nf6 6. d3 e6 7. Be2 Bb4 8. Qg3
O-O 9. e5 Ne8 10. O-O Nd7 11. Nd1 f5 12. d4 Nc7 13. c3 Ba5 14. b4 Bb6 15. Nb2 a5
16. Bg5 Qe8 17. a3 Nb5 18. Bxb5 cxb5 19. Nd3 Bd8 20. Bxd8 Qxd8 21. Nc5 Nxc5 22.
bxc5 b6 23. Rfb1 bxc5 24. Rxb5 cxd4 25. Rab1 Rc8 26. cxd4 Rf7 27. Kh2 h6 28. Rb6
Qe8 29. Ra6 Rfc7 30. Rbb6 Rc6 31. Rb7 R8c7 32. Rba7 Kh7 33. Rxa5 Rc4 34. Ra8 Qh5
35. R5a6 Rxd4 36. Rxe6 Qg5 37. Qxg5 hxg5 38. Rf8 f4 39. h4 Rd2 40. h5 g4 41.
Rxf4 d4 42. Rd6 d3 43. e6 Rc5 44. Kg3 Rxh5 45. Rxg4 Re5 46. a4 g5 47. Rgd4 Ra2
48. Rxd3 Rxa4 49. R6d5 Rae4 50. Rxe5 Rxe5 51. Re3 1-0

[Event "World Rapid 2019"]
[Site "Moscow RUS"]
[Date "2019.12.27"]
[Round "10.38"]
[White "Shimanov, Aleksandr"]
[Black "Faizrakhmanov, Ramil"]
[Result "1-0"]
[WhiteTitle "GM"]
[BlackTitle "IM"]
[WhiteElo "2587"]
[BlackElo "2434"]
[WhiteFideId "4198603"]
[BlackFideId "24103209"]
[EventDate "2019.12.26"]

1. c4 Nf6 2. Nc3 e5 3. Nf3 Nc6 4. g3 Bb4 5. Nd5 Bc5 6. Bg2 O-O 7. O-O h6 8. e3
d6 9. d4 Bb6 10. b3 Bg4 11. h3 Bh5 12. g4 Bg6 13. dxe5 dxe5 14. Bb2 Re8 15. Rc1
Be4 16. Nxf6+ Qxf6 17. Nd2 Bxg2 18. Kxg2 Qe7 19. Ne4 Rad8 20. Qf3 Bc5 21. Rcd1
Bb4 22. Rd5 Ba3 23. Bc3 Rxd5 24. cxd5 Nb4 25. Bxb4 Bxb4 26. Qe2 Qd7 27. Qc4 Bd6
28. Ng3 g6 29. Rd1 Qe7 30. Qe4 Rf8 31. Rd2 Qd7 32. Qf3 Kh7 33. Qf6 Qb5 34. Ne4
Qb4 35. Kf3 Be7 36. Qxe5 f5 37. Nc3 fxg4+ 38. Kg2 gxh3+ 39. Kxh3 Qh4+ 40. Kg2
Bd6 41. Qe4 Qh2+ 42. Kf1 Qh3+ 43. Ke2 Rf7 44. Nb5 Qh2 45. Kf1 Bc5 46. Qg2 Qe5
47. Ke2 a6 48. Nd4 Rd7 49. Ne6 Bd6 50. Qf3 Qf5 51. Qxf5 gxf5 52. f4 Re7 53. Kf3
Kg6 54. Rg2+ Kf6 55. Rh2 Kg6 56. e4 fxe4+ 57. Kxe4 c6 58. f5+ Kh7 59. Rg2 Bb4
60. dxc6 bxc6 61. Rc2 h5 62. Rxc6 h4 63. Kf4 Re8 64. Kg4 Rg8+ 65. Ng5+ Kh8 66.
Kxh4 Re8 1-0

[Event "World Rapid 2019"]
[Site "Moscow RUS"]
[Date "2019.12.27"]
[Round "10.39"]
[White "Bluebaum, Matthias"]
[Black "Turov, Maxim"]
[Result "1/2-1/2"]
[WhiteTitle "GM"]
[BlackTitle "GM"]
[WhiteElo "2644"]
[BlackElo "2574"]
[WhiteFideId "24651516"]
[BlackFideId "4120086"]
[EventDate "2019.12.26"]

1. d4 Nf6 2. c4 e6 3. Nc3 Bb4 4. e3 Ne4 5. Qc2 f5 6. Bd3 O-O 7. Bxe4 fxe4 8.
Qxe4 d5 9. Qc2 e5 10. dxe5 d4 11. exd4 Qxd4 12. Be3 Qxc4 13. Nf3 Nc6 14. Nd2 Qg4
15. O-O Bf5 16. Qa4 Rad8 17. a3 Bxc3 18. Qb3+ Kh8 19. Qxc3 Rd3 20. Qc5 Re8 21.
f4 Nd4 22. Bxd4 Rxd2 23. Rf2 Rxf2 24. Bxf2 Be4 25. Bg3 Rd8 26. Qe3 Rd1+ 27. Rxd1
Qxd1+ 28. Be1 Qc2 29. Bd2 Kg8 30. h3 h5 31. Qc3 Qxc3 32. Bxc3 Kf7 33. e6+ Kxe6
34. Bxg7 Kf5 35. Be5 c6 36. g3 a5 37. Kf2 a4 38. Bc7 b5 39. Bd6 Bd5 40. Ke3 Bg2
41. h4 Bh3 42. Kd4 Ke6 43. Kc5 Kd7 44. Be5 Bf5 45. Bc3 Bh3 46. Kd4 Ke6 47. Bb4
Bf5 1/2-1/2

[Event "World Rapid 2019"]
[Site "Moscow RUS"]
[Date "2019.12.27"]
[Round "10.40"]
[White "Kezin, Roman"]
[Black "Demchenko, Anton"]
[Result "0-1"]
[WhiteTitle "IM"]
[BlackTitle "GM"]
[WhiteElo "2470"]
[BlackElo "2642"]
[WhiteFideId "24124621"]
[BlackFideId "4160258"]
[EventDate "2019.12.26"]

1. d4 Nf6 2. c4 g6 3. Nc3 Bg7 4. e4 O-O 5. Be2 d6 6. Be3 e5 7. d5 Na6 8. Nf3 Ng4
9. Bg5 f6 10. Bh4 Nh6 11. Nd2 Nf7 12. Bg4 Nc5 13. O-O Bxg4 14. Qxg4 Nd3 15. Rab1
c6 16. Qd1 Nf4 17. Bg3 Nh5 18. b4 Rc8 19. Qe2 Qd7 20. Rfd1 c5 21. bxc5 Rxc5 22.
Nb3 Rcc8 23. Rdc1 b6 24. a4 Nf4 25. Bxf4 exf4 26. Nd4 Ng5 27. Nf3 Nxf3+ 28. Qxf3
Rxc4 29. Qxf4 f5 30. Nb5 Be5 31. Qh6 Rc5 32. Rxc5 bxc5 33. Qe3 fxe4 34. Qxe4 Rf4
35. Qc2 Qf7 36. Rf1 a6 37. Na3 Qxd5 38. g3 Rd4 39. Nb1 Rd3 40. Qe2 h5 41. Re1 c4
42. Qc2 Kg7 43. Rc1 h4 44. Qe2 h3 45. Qf1 c3 46. Na3 Rf3 47. Nc2 Rf7 48. Qxh3
Qd2 49. Qf1 Rxf2 50. Qxf2 Qxc1+ 51. Kg2 Qd1 52. Qa7+ Kg8 53. Qa8+ Kh7 54. Qe4
Bf6 55. Qb7+ Bg7 56. Qe4 Bf6 57. Nb4 Qxa4 58. Qb7+ Kh6 59. Qe4 a5 60. Qf4+ Kg7
61. Nd3 Qxf4 0-1

[Event "World Rapid 2019"]
[Site "Moscow RUS"]
[Date "2019.12.27"]
[Round "10.41"]
[White "Sadhwani, Raunak"]
[Black "Vitiugov, Nikita"]
[Result "1/2-1/2"]
[WhiteTitle "IM"]
[BlackTitle "GM"]
[WhiteElo "2507"]
[BlackElo "2747"]
[WhiteFideId "35093487"]
[BlackFideId "4152956"]
[EventDate "2019.12.26"]

1. Nf3 Nf6 2. c4 e6 3. g3 d5 4. d4 dxc4 5. Bg2 c6 6. Nc3 Nbd7 7. a4 Bb4 8. O-O
O-O 9. Nd2 e5 10. Nxc4 exd4 11. Qxd4 Nc5 12. Qh4 Nb3 13. Rd1 Qe7 14. Rb1 Nxc1
15. Rbxc1 Be6 16. Ne4 Nxe4 17. Qxe7 Bxe7 18. Bxe4 a5 19. Nd6 Rab8 20. Bf5 Bb3
21. Bc2 Bd5 22. e4 Be6 23. e5 Rfd8 24. Be4 Rd7 25. Bf5 Rbd8 26. Bxe6 fxe6 27.
Rc5 Bxd6 1/2-1/2

[Event "World Rapid 2019"]
[Site "Moscow RUS"]
[Date "2019.12.27"]
[Round "10.42"]
[White "Najer, Evgeniy"]
[Black "Xu, Yinglun"]
[Result "0-1"]
[WhiteTitle "GM"]
[BlackTitle "GM"]
[WhiteElo "2661"]
[BlackElo "2555"]
[WhiteFideId "4118987"]
[BlackFideId "8604940"]
[EventDate "2019.12.26"]

1. e4 e6 2. d4 d5 3. Nc3 Nf6 4. e5 Nfd7 5. f4 c5 6. Nce2 cxd4 7. Nxd4 Nc6 8.
Ngf3 a6 9. c3 Nc5 10. Be3 Be7 11. Be2 Bd7 12. O-O O-O 13. Kh1 Rc8 14. Qe1 Nxd4
15. Nxd4 f6 16. exf6 Bxf6 17. Rd1 Qc7 18. Bf3 Kh8 19. Qd2 Rce8 20. Rde1 b6 21.
Qd1 Ba4 22. Qb1 Bd7 23. Qc2 Ba4 24. b3 Bd7 25. c4 dxc4 26. Qxc4 Bxd4 27. Qxd4
Bb5 28. Rg1 Nd3 29. Rd1 Nxf4 30. Qxb6 Qxb6 31. Bxb6 e5 32. Bc5 Rf6 33. a4 Bc6
34. Rge1 Bxf3 35. gxf3 Kg8 36. b4 Ng6 37. Rd6 Rc8 38. Red1 Rxd6 39. Rxd6 a5 40.
Kg1 Nf4 41. h4 axb4 42. Bxb4 Rc4 43. Rb6 Nd3 44. Bd6 Rxa4 45. h5 Rh4 46. Rb3 Rd4
47. Rb8+ Kf7 48. Rb7+ Ke6 49. Bf8 Rh4 50. h6 Rxh6 51. Rb6+ Kf5 52. Rxh6 gxh6 53.
Bxh6 Nf4 54. Kh2 Kg6 55. Bxf4 exf4 56. Kh3 Kg5 57. Kg2 Kf5 58. Kh3 Ke5 59. Kg4
h6 0-1

[Event "World Rapid 2019"]
[Site "Moscow RUS"]
[Date "2019.12.27"]
[Round "10.43"]
[White "Tsoi, Dmitry"]
[Black "Amin, Bassem"]
[Result "1/2-1/2"]
[WhiteTitle "FM"]
[BlackTitle "GM"]
[WhiteElo "2321"]
[BlackElo "2683"]
[WhiteFideId "24194697"]
[BlackFideId "10601457"]
[EventDate "2019.12.26"]

1. f4 Nf6 2. Nf3 g6 3. e3 Bg7 4. Be2 O-O 5. O-O d6 6. d3 Nc6 7. c3 e5 8. fxe5
dxe5 9. e4 a5 10. Kh1 h6 11. Be3 Be6 12. Na3 Kh7 13. Nc2 Qe7 14. Qe1 Ng4 15. Bg1
Rad8 16. h3 Nf6 17. Bh2 Nh5 18. d4 exd4 19. cxd4 Nxd4 20. Nfxd4 Bxd4 21. Nxd4
Rxd4 22. Bxh5 gxh5 23. Qxa5 c5 24. Rac1 Rc8 25. Qc3 Qg5 26. Qf3 b6 27. Bg1 Rb4
28. b3 Qg6 29. Rfe1 Rd8 30. Re2 Rc8 31. Rc3 c4 32. bxc4 Rcxc4 33. Rxc4 Bxc4 34.
Rd2 Rb1 35. Kh2 b5 36. Qf4 Rf1 37. Qe5 Qg5 38. Bd4 Qxe5+ 39. Bxe5 Re1 40. a3
Rxe4 41. Bd6 Kg6 42. Bb4 h4 43. Rd6+ f6 44. Rd2 h5 45. Bc5 Kg5 46. Rf2 Re6 47.
Bb4 Bd5 48. Bd2+ Kg6 49. Bc3 f5 50. Bb4 Re3 51. Rd2 Be4 52. Bd6 Kf7 53. Rb2 Ke6
54. Bc5 Rc3 55. Bd4 Rd3 56. Bf2 Bc6 57. Bc5 f4 58. Rf2 Ke5 59. Be7 f3 60. gxf3
Bxf3 61. Bb4 Be4 62. Rd2 Rb3 63. Re2 Kd4 64. Be7 Bf5 65. Bf6+ Kc4 66. Be7 Rxh3+
67. Kg2 Rg3+ 68. Kh2 Rd3 69. Re5 Rd2+ 70. Kg1 Bg4 71. Bxh4 Rb2 72. Be7 Bf3 73.
Re3 Bg4 74. Bb4 Rc2 75. Re5 Kd3 76. Rxb5 h4 77. Rc5 Rb2 78. Rg5 Bf3 79. Bd6 Ke3
80. Bc5+ Ke4 81. Rg7 h3 82. Bd6 Ke3 83. Bc5+ Ke4 84. Bd6 Rd2 85. Bc7 Ke3 86.
Bb6+ Ke4 87. Bc7 Ra2 88. Bd6 Kd5 89. Bc7 Be4 90. Rg5+ Kd4 91. Bb6+ Kc4 92. Bc7
Bd5 93. Bd6 Be6 94. Rg7 Kd5 95. Bc7 Rxa3 96. Kf2 Ra2+ 97. Ke3 Bf5 98. Rg5 Ke6
99. Rh5 Kf6 100. Bd8+ Ke6 101. Bc7 Rc2 102. Bb8 Kf6 103. Kf4 Rc4+ 104. Kg3 Kg6
105. Rxf5 Kxf5 106. Kxh3 Rc3+ 107. Kg2 Ke4 108. Bd6 Rc2+ 109. Kg1 Kf3 110. Be5
Rc5 111. Bd6 Rc1+ 112. Kh2 Rc6 113. Be5 Re6 114. Bb8 Rg6 115. Be5 Ke4 1/2-1/2

[Event "World Rapid 2019"]
[Site "Moscow RUS"]
[Date "2019.12.27"]
[Round "10.44"]
[White "Popov, Ivan RUS"]
[Black "Murzin, Volodar"]
[Result "1/2-1/2"]
[WhiteTitle "GM"]
[BlackTitle "IM"]
[WhiteElo "2636"]
[BlackElo "2442"]
[WhiteFideId "4170350"]
[BlackFideId "44155573"]
[EventDate "2019.12.26"]

1. e4 c6 2. Nf3 d5 3. d3 dxe4 4. dxe4 Qxd1+ 5. Kxd1 Nd7 6. Nbd2 e5 7. Nc4 f6 8.
Be3 Bc5 9. a4 Bxe3 10. Nxe3 Nc5 11. Nd2 a5 12. c3 Nh6 13. Nec4 Be6 14. Kc2 Bxc4
15. Bxc4 Nf7 16. f3 Nd6 17. Be2 Ke7 18. Nf1 g6 19. Ne3 Ne6 20. h4 h5 21. g3 Nc5
22. Rhd1 Rhd8 23. b3 Ne6 24. Bf1 Nc5 25. Bh3 b6 26. Rd2 Nf7 27. Rxd8 Rxd8 28. b4
axb4 29. cxb4 Ne6 30. Bxe6 Kxe6 31. a5 bxa5 32. bxa5 Nd6 33. a6 Ra8 34. Kb3 Nb5
35. Kb4 Nc7 36. a7 Nb5 37. Ra6 Kd7 38. Nd5 Rxa7 39. Nxf6+ Kd6 40. Ne8+ Kd7 41.
Nf6+ Kd6 42. Rxa7 Nxa7 43. g4 Nb5 44. gxh5 gxh5 45. Nxh5 Nd4 46. Ng3 Nxf3 47. h5
Ng5 48. Kc4 Ke6 49. Kc5 Kd7 50. h6 Ne6+ 51. Kb6 Ng5 52. Nf5 c5 53. Ne3 Ke6 54.
Kxc5 Nxe4+ 55. Kc6 Ng5 56. Kc7 Kf6 57. Ng4+ Kg6 58. Nxe5+ Kxh6 59. Nf7+ Nxf7 1/2-1/2

[Event "World Rapid 2019"]
[Site "Moscow RUS"]
[Date "2019.12.27"]
[Round "10.45"]
[White "Suleymanli, Aydin"]
[Black "Matlakov, Maxim"]
[Result "0-1"]
[WhiteTitle "IM"]
[BlackTitle "GM"]
[WhiteElo "2473"]
[BlackElo "2699"]
[WhiteFideId "13413937"]
[BlackFideId "4168003"]
[EventDate "2019.12.26"]

1. d4 Nf6 2. Nf3 d5 3. Bf4 e6 4. e3 Bd6 5. Bg3 O-O 6. Nbd2 c5 7. c3 Qc7 8. Ne5
Nc6 9. f4 b6 10. Bd3 Bb7 11. Qf3 Ne8 12. Bf2 f5 13. Qh3 Nf6 14. g4 Bxe5 15. fxe5
Nxg4 16. Rg1 cxd4 17. Rxg4 dxc3 18. Nf3 cxb2 19. Rd1 Nxe5 20. Nxe5 Qxe5 21. Rd4
Rac8 22. Qg3 f4 23. Qh3 h6 24. Kd2 fxe3+ 25. Bxe3 Rf6 26. Qg3 Qxg3 27. hxg3 e5
28. Rb4 d4 29. Bg1 Rf3 30. Rxb2 Rxg3 31. Bf2 Rg2 32. Ke1 Rh2 33. Bf1 Rh1 34. Kd2
Bf3 35. Be2 Rxd1+ 36. Kxd1 Rc3 37. Bxf3 Rxf3 38. Ke2 Ra3 39. Kf1 Kf7 40. Re2 Kf6
41. Rc2 Rc3 42. Rd2 Kf5 43. Kg2 d3 0-1

[Event "World Rapid 2019"]
[Site "Moscow RUS"]
[Date "2019.12.27"]
[Round "10.46"]
[White "Tari, Aryan"]
[Black "Petrosian, Tigran L."]
[Result "0-1"]
[WhiteTitle "GM"]
[BlackTitle "GM"]
[WhiteElo "2634"]
[BlackElo "2601"]
[WhiteFideId "1510045"]
[BlackFideId "13301616"]
[EventDate "2019.12.26"]

1. e4 g6 2. d4 Bg7 3. Nc3 a6 4. f4 b5 5. a3 d6 6. Nf3 Nd7 7. e5 Bb7 8. Bd3 c5 9.
Be4 Qc8 10. O-O cxd4 11. Bxb7 Qxb7 12. Qxd4 Nh6 13. Qd5 Qa7+ 14. Kh1 O-O 15. Qe4
Nc5 16. Qe2 Qb7 17. Be3 Ne4 18. Bd4 dxe5 19. fxe5 Nxc3 20. Bxc3 e6 21. Ng5 Nf5
22. Ne4 Rac8 23. Rad1 Rfd8 24. Qf3 Rxd1 25. Rxd1 Qb6 26. Nd6 Rd8 27. Rf1 Qc7 28.
Nxf5 exf5 29. Re1 Re8 30. Qd5 Qc8 31. Rd1 Qc7 32. Re1 Qc8 33. Rd1 h5 34. h3 Qc7
35. Qd6 Qb7 36. Qd5 Qc8 37. Qd6 a5 38. Rd2 Bf8 39. Qf6 Be7 40. Qb6 Qc4 41. Rd7
Bc5 42. Qf6 Qf1+ 43. Kh2 Bg1+ 44. Kg3 Qf2# 0-1

[Event "World Rapid 2019"]
[Site "Moscow RUS"]
[Date "2019.12.27"]
[Round "10.47"]
[White "Adly, Ahmed"]
[Black "Vastrukhin, Oleg"]
[Result "1-0"]
[WhiteTitle "GM"]
[BlackTitle "IM"]
[WhiteElo "2607"]
[BlackElo "2428"]
[WhiteFideId "10601619"]
[BlackFideId "4192770"]
[EventDate "2019.12.26"]

1. d4 g6 2. h4 Bg7 3. h5 d5 4. Nf3 c5 5. dxc5 Qa5+ 6. Bd2 Qxc5 7. Bc3 Bxc3+ 8.
Nxc3 Nf6 9. hxg6 fxg6 10. Qd2 Nc6 11. O-O-O Bf5 12. e3 O-O-O 13. Nd4 e5 14. Na4
Qb4 15. Qxb4 Nxb4 16. Nxf5 gxf5 17. a3 Nc6 18. f3 h5 19. Rh4 Rhg8 20. Nc5 Rg3
21. Kd2 d4 22. e4 f4 23. Ke1 b6 24. Nd3 Kc7 25. Kf2 a5 26. Rc1 Kd6 27. c3 dxc3
28. Rxc3 Nd4 29. Rc4 Ne6 30. Rc1 Nc5 31. Nxc5 bxc5 32. Rd1+ Kc7 33. Rxd8 Kxd8
34. Rh1 Rg7 35. Bb5 Rb7 36. a4 Ke7 37. g3 fxg3+ 38. Kxg3 Rb8 39. Rc1 Rg8+ 40.
Kh3 Kd6 41. Bc4 Rg7 42. Rc3 Rg1 43. Rb3 Kc6 44. Rb5 Rc1 45. Bf7 Nh7 46. Bd5+ Kd6
47. Rb6+ 1-0

[Event "World Rapid 2019"]
[Site "Moscow RUS"]
[Date "2019.12.27"]
[Round "10.48"]
[White "Jumabayev, Rinat"]
[Black "Guliyev, Namig"]
[Result "1-0"]
[WhiteTitle "GM"]
[BlackTitle "GM"]
[WhiteElo "2646"]
[BlackElo "2548"]
[WhiteFideId "13702661"]
[BlackFideId "13400363"]
[EventDate "2019.12.26"]

1. e4 c5 2. Nf3 d6 3. d4 cxd4 4. Nxd4 Nf6 5. Nc3 a6 6. a4 e6 7. Be3 b6 8. f3 Bb7
9. Qd2 Nbd7 10. g4 h6 11. h4 Rc8 12. Rg1 Ne5 13. g5 hxg5 14. hxg5 Nfd7 15. O-O-O
g6 16. f4 Nc4 17. Bxc4 Rxc4 18. f5 e5 19. Nde2 Rh2 20. Qd3 Qc8 21. fxg6 fxg6 22.
Rh1 Rxe2 23. Qxe2 Rxc3 24. bxc3 Qxc3 25. Qd3 Qa1+ 26. Kd2 Qxa4 27. Rh4 d5 28. c3
dxe4 29. Qc2 Qc4 30. Rh8 b5 31. Ke1 Bc6 32. Qd2 Qd3 33. Qxd3 exd3 34. Rxd3 Kf7
35. Rxf8+ Nxf8 36. Rd6 Be4 37. Rf6+ Ke8 38. Rxa6 Kd7 39. Bc5 Ne6 40. Rd6+ Ke7
41. Bb4 Kf7 42. Rd7+ Kg8 43. Be7 Bf5 44. Bf6 Kf8 45. Rd5 Nc7 46. Rc5 Ne8 47.
Bxe5 Bd7 48. Kd2 Ke7 49. Ke3 Ke6 50. Ke4 Ke7 51. Kd5 Kf7 52. Kd4 Ke6 53. Rd5 Bc6
54. Rd8 Ke7 55. Rb8 Bd7 56. Rb6 Kf7 57. Ke4 1-0